000 00675nam a2200229Ia 4500
001 12689
003 GE_BSU
008 181216s||||||||xx |||||||||||||| ||und||
040 _cGE_BSU
080 _a633.1:631.55
100 _aПугачев,А.Н.
245 _aКонтроль качества уборки зерновых культур
245 _cРед.Л.М.Рунова
260 _aМосква
260 _bКолос
260 _c1980
300 _a254стр.21см.
300 _cуказатель лит-ры
300 _eТаблицы
653 _aКонтроль качества уборки зерновых культур
942 _cBK
999 _c45860
_d45860